Fourier and wavelet analysis (Record no. 1880)

MARC details
000 -LEADER
fixed length control field 00615 a2200181 4500
000 - LEADER
fixed length control field BKB
001 - CONTROL NUMBER
control field 068051
005 - DATE AND TIME OF LATEST TRANSACTION
control field 20200902150024.0
008 - FIXED-LENGTH DATA ELEMENTS--GENERAL INFORMATION
fixed length control field
082 ## - DEWEY DECIMAL CLASSIFICATION NUMBER
Classification number 515.2433
Item number B12F
100 1# - MAIN ENTRY--PERSONAL NAME
Personal name Bachman, George
245 1# - TITLE STATEMENT
Title Fourier and wavelet analysis
Statement of responsibility, etc by George Bachman, Edward Beckenstein and Lawrence Narici
260 ## - PUBLICATION, DISTRIBUTION, ETC. (IMPRINT)
Place of publication, distribution, etc New York
Name of publisher, distributor, etc Springer
Date of publication, distribution, etc 2009
300 ## - PHYSICAL DESCRIPTION
Extent 505p.
690 ## - LOCAL SUBJECT ADDED ENTRY--TOPICAL TERM (OCLC, RLIN)
Topical term or geographic name as entry element Wavelets (Mathematics); Fourier analysis; Mathematics; Topological groups; Global analysis (Mathematics)
700 ## - ADDED ENTRY--PERSONAL NAME
Personal name Beckenstein, Edward
Numeration
Titles and other words associated with a name
700 ## - ADDED ENTRY--PERSONAL NAME
Personal name Narici, Lawrence
Numeration
Titles and other words associated with a name
Holdings
Withdrawn status Lost status Source of classification or shelving scheme Damaged status Not for loan Collection code Home library Current library Date acquired Source of acquisition Cost, normal purchase price Full call number Barcode Date last seen Price effective from Koha item type
    Dewey Decimal Classification     General Text Book Central University Of Rajasthan Central University Of Rajasthan 07/03/2012 MTH 395.00 515.2433 B12F 2338 21/11/2024 02/09/2020 Books